000 01021nam a2200205 a 4500
008 130830s2010 ||||||||||||||||| || u
020 _a9780123748836
050 _aTA 345 HAH
100 _aValentine, Daniel T
245 1 0 _aEssential MATLAB for engineers and scientists. -- 4th ed.
_cby Brian H. Hahn and Daniel T. Valentine
250 _a4th ed.
260 _aAmsterdam:
_bElsevier
_c2010
300 _axviii, 391p.: ill.
650 0 _aENGINEERING MATHEMATICS--DATA PROCESSING
650 _aMATLAB (COMPUTER FILE)
700 _aHahn, Brian H
995 _aMAIN LIBRARY OPEN ACCESS
_e744233
_FCBU-MAIN LIBRARY (Kitwe)
_jTA 345 HAH
_M1
_UAVAILABLE
_WSep 9, 2013
_y744233
_ZMain Library Open Access Collection
995 _aANNEX COLLECTION (Main Library)
_e744235
_FCBU-MAIN LIBRARY (Kitwe)
_jTA 345 HAH
_M3
_UAVAILABLE
_WSep 9, 2013
_y744235
_ZAnnex Low-Usage Collection
995 _aMAIN LIBRARY OPEN ACCESS
_e744234
_FCBU-MAIN LIBRARY (Kitwe)
_jTA 345 HAH
_M2
_UAVAILABLE
_WSep 9, 2013
_y744234
_ZMain Library Open Access Collection
999 _c62812
_d62812